[Event "IX Festival A"]
[Site "Salsomaggiore Terme ITA"]
[Date "2005.05.20"]
[Round "2"]
[White "Ranola, Yves"]
[Black "Gasperi, Fosco"]
[Result "1-0"]
[WhiteElo "2467"]
[BlackElo "2168"]
[PlyCount "55"]
[EventDate "2005.05.20"]

1. c4 f5 2. g3 Nf6 3. Bg2 g6 4. Nc3 Bg7 5. d3 d6 6. e4 O-O 7. Nge2 Na6 8. O-O
c6 9. h3 Nc7 10. exf5 Bxf5 11. Be3 Qe8 12. d4 h6 13. Qd2 g5 14. d5 c5 15. g4
Bd7 16. f4 gxf4 17. Nxf4 h5 18. g5 Nh7 19. g6 Nf6 20. Qd3 b5 21. cxb5 Nxb5 22.
Nxb5 Bxb5 23. Qf5 Bd7 24. Qg5 Rb8 25. Nxh5 Nxh5 26. Qxh5 Rf6 27. Qh7+ Kf8 28.
Bh6 1-0

[Event "IX Festival A"]
[Site "Salsomaggiore Terme ITA"]
[Date "2005.05.20"]
[Round "2"]
[White "Rezzuti, Vincenzo"]
[Black "Pipitone, Antonio"]
[Result "0-1"]
[WhiteElo "1862"]
[BlackElo "2051"]
[PlyCount "106"]
[EventDate "2005.05.20"]

1. e4 c5 2. d4 cxd4 3. c3 dxc3 4. Nxc3 Nc6 5. Nf3 d6 6. Bc4 e6 7. O-O Be7 8.
Qe2 Qc7 9. Rd1 a6 10. Be3 b5 11. Bb3 Nf6 12. Rac1 Qb7 13. Bf4 Na5 14. Bc2 e5
15. Be3 O-O 16. b3 Bg4 17. Bg5 Nd5 18. Nxd5 Bxg5 19. Ne3 Bxe3 20. Qxe3 Rad8 21.
Rd2 Nc6 22. Nh4 Nd4 23. Bd1 Qe7 24. g3 Be6 25. Nf3 Nxf3+ 26. Bxf3 Rc8 27. Rcd1
Rc6 28. Rd3 h6 29. Qd2 Rd8 30. Qb4 Qc7 31. Kg2 Rc5 32. a4 a5 33. Qd2 Rc2 34.
Qe3 b4 35. R1d2 Rc6 36. Bd1 Bc8 37. f4 Ba6 38. Rd5 Rc3 39. Qf2 Bb7 40. fxe5
Bxd5 41. exd5 dxe5 42. Qf5 Qd6 43. Bc2 g6 44. Qg4 Kg7 45. h4 h5 46. Qe2 f5 47.
Qf2 e4 48. Qd4+ Kh7 49. Rf2 Rxg3+ 50. Kf1 Qxd5 51. Qf6 Rd7 52. Qf8 Rc3 53. Qf6
Rxc2 0-1

[Event "IX Festival A"]
[Site "Salsomaggiore Terme ITA"]
[Date "2005.05.20"]
[Round "2"]
[White "Roberti, Ignazio"]
[Black "Ferrari, Cristiano"]
[Result "1-0"]
[WhiteElo "1954"]
[BlackElo "1469"]
[PlyCount "45"]
[EventDate "2005.05.20"]

1. e4 c5 2. Nf3 d6 3. d4 cxd4 4. Nxd4 Nf6 5. Nc3 a6 6. Bc4 e6 7. Bb3 Be7 8. Be3
O-O 9. f3 Bd7 10. g4 Nc6 11. Qd2 Ne5 12. O-O-O b5 13. g5 Nc4 14. Bxc4 bxc4 15.
gxf6 Bxf6 16. h4 Rb8 17. Rdg1 a5 18. Nb1 a4 19. c3 e5 20. Nf5 Bxf5 21. exf5 Qc7
22. Bh6 Rfd8 23. Bxg7 1-0

[Event "IX Festival A"]
[Site "Salsomaggiore Terme ITA"]
[Date "2005.05.20"]
[Round "2"]
[White "Salami, Marco"]
[Black "Grillo, Francesco"]
[Result "1-0"]
[WhiteElo "2206"]
[BlackElo "1715"]
[PlyCount "75"]
[EventDate "2005.05.20"]

1. e4 d5 2. exd5 Qxd5 3. Nc3 Qa5 4. d4 Nf6 5. Bc4 c6 6. Nf3 Bf5 7. Bd2 e6 8.
Nd5 Qd8 9. Nxf6+ Qxf6 10. Qe2 Nd7 11. O-O-O Bd6 12. h3 Nb6 13. Bd3 Bxd3 14.
Qxd3 h6 15. c4 Bf4 16. Kb1 Bxd2 17. Nxd2 O-O-O 18. Ne4 Qe7 19. c5 Nd5 20. Qg3
Rdg8 21. Nd6+ Kd8 22. Qa3 b6 23. Rc1 Qc7 24. Rhe1 Rf8 25. cxb6 axb6 26. Nb5 Qb7
27. Qd6+ Qd7 28. Qxc6 Ke7 29. Qc4 Rc8 30. Qb3 Rxc1+ 31. Rxc1 Rc8 32. Qa3+ Kf6
33. Rxc8 Qxc8 34. Nd6 Qc6 35. Qf3+ Ke7 36. Nxf7 Qc4 37. Ne5 Qxd4 38. Nc6+ 1-0

[Event "IX Festival A"]
[Site "Salsomaggiore Terme ITA"]
[Date "2005.05.20"]
[Round "2"]
[White "Salati, Paolo"]
[Black "Nelli, Luca"]
[Result "0-1"]
[WhiteElo "1949"]
[BlackElo "2215"]
[PlyCount "104"]
[EventDate "2005.05.20"]

1. e4 e5 2. Nf3 f5 3. d3 Nc6 4. Nc3 Bb4 5. Bd2 Nf6 6. exf5 d5 7. a3 Bd6 8. Bg5
d4 9. Ne4 Bxf5 10. Nfd2 O-O 11. Be2 Be7 12. Bxf6 Bxf6 13. Bf3 Ne7 14. Ng3 Be6
15. Qe2 c6 16. Nh5 Ng6 17. Ne4 Be7 18. O-O Qd7 19. Rae1 Rf7 20. Nd2 Raf8 21.
Ng3 b5 22. Bh5 Bd6 23. Bxg6 hxg6 24. Nde4 Be7 25. Nd2 Bd6 26. Nde4 Bb8 27. Nc5
Qd5 28. Nxe6 Qxe6 29. Ne4 Re7 30. Ng5 Qf5 31. Nf3 c5 32. Nd2 Rfe8 33. Ne4 Rc8
34. b3 Re6 35. Ng3 Qf4 36. Qe4 Qxe4 37. Rxe4 Rec6 38. Rfe1 a5 39. Ne2 c4 40. g3
cxd3 41. cxd3 Rc2 42. f4 exf4 43. Nxd4 Ba7 44. Kh1 Bxd4 45. Rxd4 fxg3 46. hxg3
Rb2 47. b4 Rcc2 48. Rd8+ Kf7 49. Rd7+ Kf6 50. Rd6+ Kf5 51. Rde6 axb4 52. axb4
g5 0-1

[Event "IX Festival A"]
[Site "Salsomaggiore Terme ITA"]
[Date "2005.05.20"]
[Round "2"]
[White "Santurbano, Maria Vincenza"]
[Black "Bozuffi, Italo"]
[Result "1-0"]
[WhiteElo "2043"]
[BlackElo "1748"]
[PlyCount "91"]
[EventDate "2005.05.20"]

1. e4 Nc6 2. d4 e6 3. Nf3 Nf6 4. e5 Nd5 5. a3 a6 6. c4 Nb6 7. Nc3 d6 8. exd6
cxd6 9. Bd3 Ne7 10. O-O Ng6 11. Re1 Be7 12. Qe2 O-O 13. Ne4 Nd7 14. h4 e5 15.
h5 Nf4 16. Bxf4 exf4 17. Nc3 Bg5 18. Nd5 Kh8 19. Qc2 h6 20. Re2 Nb6 21. Nxg5
Nxd5 22. Nxf7+ Rxf7 23. cxd5 Bg4 24. Bg6 Bxe2 25. Bxf7 Qf6 26. Bg6 f3 27. Rc1
Qd8 28. Qc7 Qxc7 29. Rxc7 fxg2 30. Kxg2 Rf8 31. Rxb7 Bf3+ 32. Kg3 Bxd5 33. Rb6
Rf3+ 34. Kg4 Rxf2 35. Rxd6 Bc4 36. Rd8+ Bg8 37. d5 a5 38. Ra8 a4 39. Rxa4 Rxb2
40. Rd4 Rb5 41. d6 Be6+ 42. Kf4 Rb7 43. Ke5 Bd7 44. Rb4 Rxb4 45. axb4 Kg8 46.
Bf5 1-0

[Event "IX Festival A"]
[Site "Salsomaggiore Terme ITA"]
[Date "2005.05.20"]
[Round "2"]
[White "Tamburini, Lorenzo"]
[Black "Scalcione, Michelangelo"]
[Result "0-1"]
[WhiteElo "2075"]
[BlackElo "2242"]
[PlyCount "88"]
[EventDate "2005.05.20"]

1. e4 g6 2. d4 Bg7 3. Nf3 d6 4. Bd3 Bg4 5. c3 e5 6. d5 Ne7 7. Nbd2 O-O 8. h3
Bc8 9. O-O Nd7 10. Nb3 f5 11. c4 Nf6 12. Nbd2 h6 13. Re1 f4 14. b4 g5 15. c5
Ng6 16. Bb2 Ne8 17. Rc1 h5 18. Nh2 g4 19. cxd6 cxd6 20. hxg4 hxg4 21. Nxg4 Qg5
22. Be2 Nh4 23. Nf1 Bxg4 24. Bxg4 f3 25. Be6+ Kh8 26. Ng3 Nxg2 27. Rc3 Nxe1 28.
Qxe1 Bh6 29. Qd1 Ng7 30. Rxf3 Qd2 31. Qxd2 Bxd2 32. Rd3 Bxb4 33. Nf5 Nxf5 34.
Bxf5 Rg8+ 35. Kf1 Kg7 36. Rb3 a5 37. a3 Bc5 38. Rxb7+ Kf6 39. a4 Rab8 40. Rxb8
Rxb8 41. Bc3 Bb4 42. Be1 Bxe1 43. Kxe1 Rb4 44. Bd7 Rxe4+ 0-1

[Event "IX Festival A"]
[Site "Salsomaggiore Terme ITA"]
[Date "2005.05.20"]
[Round "2"]
[White "Tomba, Patrizia"]
[Black "Fieschi, Lorenzo"]
[Result "0-1"]
[WhiteElo "1670"]
[BlackElo "2000"]
[PlyCount "78"]
[EventDate "2005.05.20"]

1. e4 d5 2. exd5 Qxd5 3. Nc3 Qa5 4. Nf3 Nf6 5. Be2 g6 6. O-O Bg7 7. d4 O-O 8.
Bd2 c6 9. Ne4 Qc7 10. Nxf6+ Bxf6 11. c3 Bf5 12. Bh6 Rd8 13. Qc1 Nd7 14. Bc4 Nb6
15. Bb3 Nd5 16. Bxd5 Rxd5 17. Bf4 Qb6 18. Re1 c5 19. dxc5 Qxc5 20. Be3 Qa5 21.
Nd4 Bd7 22. Nb3 Qc7 23. Rd1 Bc6 24. Rxd5 Bxd5 25. Nd4 b6 26. Qc2 Be5 27. g3 Rd8
28. f4 Bf6 29. Nb5 Qc4 30. Na3 Qc8 31. Rd1 h5 32. c4 Bf3 33. Rxd8+ Qxd8 34. b3
Qd7 35. Qd2 Qg4 36. Qf2 Be4 37. Nb5 h4 38. Nd4 Bxd4 39. Bxd4 Qd1+ 0-1

[Event "IX Festival A"]
[Site "Salsomaggiore Terme ITA"]
[Date "2005.05.20"]
[Round "2"]
[White "Weiland, Guenter"]
[Black "Muha, Zdravko"]
[Result "1/2-1/2"]
[WhiteElo "1990"]
[BlackElo "2127"]
[PlyCount "59"]
[EventDate "2005.05.20"]

1. Nf3 d5 2. c4 c6 3. g3 e6 4. d4 f5 5. Bg2 Nd7 6. cxd5 exd5 7. O-O Ngf6 8. Bg5
Bd6 9. Nc3 O-O 10. Qc2 g6 11. Rad1 Re8 12. Ne5 Bxe5 13. dxe5 Rxe5 14. b4 Qb6
15. a3 Kg7 16. Qb2 h6 17. Bf4 Re6 18. h4 Kh7 19. Bf3 Ne4 20. Be3 Qc7 21. Bxh6
Kxh6 22. Nxe4 Qe5 23. Qc1+ Kg7 24. Ng5 Re8 25. b5 Nb8 26. bxc6 bxc6 27. Nh3 Bd7
28. Qg5 Qf6 29. Qxf6+ Kxf6 30. Nf4 1/2-1/2

[Event "IX Festival A"]
[Site "Salsomaggiore Terme ITA"]
[Date "2005.05.21"]
[Round "3"]
[White "Annoni, Riccardo"]
[Black "Prati, Alessandro"]
[Result "1-0"]
[WhiteElo "2071"]
[BlackElo "1808"]
[PlyCount "53"]
[EventDate "2005.05.20"]

1. d4 Nf6 2. Nf3 g6 3. Nc3 Bg7 4. e4 d6 5. Be3 O-O 6. Qd2 c6 7. Bh6 b5 8. a3 a6
9. h4 Bg4 10. Nh2 Bc8 11. Be2 c5 12. Bxg7 Kxg7 13. dxc5 dxc5 14. Qxd8 Rxd8 15.
e5 Nd5 16. Bf3 Bb7 17. O-O-O e6 18. Ng4 b4 19. axb4 cxb4 20. Nxd5 Bxd5 21. Nf6
Ra7 22. Nxd5 exd5 23. Rxd5 Re8 24. Be2 f6 25. exf6+ Kxf6 26. Bc4 Rae7 27. Rhd1
1-0

[Event "IX Festival A"]
[Site "Salsomaggiore Terme ITA"]
[Date "2005.05.21"]
[Round "3"]
[White "Barlocco, Carlo"]
[Black "Di Paolo, Raffaele"]
[Result "0-1"]
[WhiteElo "2195"]
[BlackElo "2284"]
[PlyCount "72"]
[EventDate "2005.05.20"]

1. d4 d6 2. Nf3 g6 3. Bf4 Bg7 4. e3 Nd7 5. h3 e5 6. Bh2 Ne7 7. Be2 O-O 8. O-O
b6 9. c4 Bb7 10. Nc3 Nf5 11. Rc1 e4 12. Nd2 Re8 13. b4 h5 14. Nb3 Nf8 15. c5
dxc5 16. bxc5 Nh4 17. Nb5 Qg5 18. Bg3 Ne6 19. Bxh4 Qxh4 20. cxb6 axb6 21. Nxc7
Ng5 22. Nxe8 Rxe8 23. Nd2 Rd8 24. Qe1 Nxh3+ 25. gxh3 Qxh3 26. f3 Rxd4 27. Nxe4
Rxe4 28. Rc4 Be5 29. Qf2 Rxc4 30. Bxc4 Bxf3 31. Qd2 Qh1+ 32. Kf2 Qg2+ 33. Ke1
Bg3+ 34. Rf2 Qg1+ 35. Bf1 h4 36. Qd8+ Kh7 0-1

[Event "IX Festival A"]
[Site "Salsomaggiore Terme ITA"]
[Date "2005.05.21"]
[Round "3"]
[White "Bocci, Alessandro"]
[Black "Losi, Renzo"]
[Result "1/2-1/2"]
[WhiteElo "1793"]
[BlackElo "1901"]
[PlyCount "70"]
[EventDate "2005.05.20"]

1. d4 d5 2. Nf3 Nf6 3. c4 e6 4. cxd5 exd5 5. Bg5 Be7 6. Nc3 Nbd7 7. e3 O-O 8.
Qc2 Re8 9. Bd3 Nf8 10. O-O g6 11. Rfc1 Ne6 12. Bxf6 Bxf6 13. b4 a6 14. Na4 b6
15. b5 Bb7 16. Qb3 Ra7 17. Rc2 Qa8 18. Nc3 a5 19. a4 Qd8 20. Rac1 Bg7 21. Ne2
Bc8 22. g3 Kh8 23. Nf4 Nxf4 24. gxf4 f6 25. Rc3 Bf8 26. Qc2 Bd6 27. Kh1 Bg4 28.
Be2 Qe7 29. Rg1 Bh5 30. Bd1 Raa8 31. Nd2 Bxd1 32. Qxd1 Bb4 33. Rc6 Rad8 34. Qc2
Rd7 35. Nf3 Qf7 1/2-1/2

[Event "IX Festival A"]
[Site "Salsomaggiore Terme ITA"]
[Date "2005.05.21"]
[Round "3"]
[White "Bonade', Massimo"]
[Black "Weiland, Guenter"]
[Result "1/2-1/2"]
[WhiteElo "2101"]
[BlackElo "1990"]
[PlyCount "66"]
[EventDate "2005.05.20"]

1. d4 g6 2. c4 Bg7 3. Nc3 c5 4. d5 Bxc3+ 5. bxc3 f5 6. Nf3 Nf6 7. g3 d6 8. Bg2
Qa5 9. Qb3 Nbd7 10. O-O Nb6 11. Ng5 h6 12. Ne6 Bxe6 13. dxe6 O-O-O 14. Rb1 Kc7
15. Re1 Rdf8 16. e4 Nxe4 17. Bxe4 fxe4 18. Rxe4 Rf6 19. Be3 g5 20. f4 Rg8 21.
Rf1 gxf4 22. Bxf4 Nc8 23. Qc2 Rgg6 24. Rfe1 Qb6 25. h4 Qc6 26. Kh2 Qe8 27. Qe2
Qg8 28. Qe3 b6 29. Re2 Qh7 30. Qd2 Rg8 31. Qd1 Qg6 32. R2e3 Qe8 33. Re2 Qg6
1/2-1/2

[Event "IX Festival A"]
[Site "Salsomaggiore Terme ITA"]
[Date "2005.05.21"]
[Round "3"]
[White "Bozuffi, Italo"]
[Black "Salati, Paolo"]
[Result "0-1"]
[WhiteElo "1748"]
[BlackElo "1949"]
[PlyCount "145"]
[EventDate "2005.05.20"]

1. f4 d5 2. Nf3 Nc6 3. e3 Nf6 4. d4 Bf5 5. c3 e6 6. Be2 Be7 7. O-O O-O 8. Qe1
Rc8 9. Ne5 Nb8 10. Nd2 c5 11. Ndf3 Nbd7 12. h3 h6 13. g4 Bh7 14. Bd3 Ne4 15. a4
f6 16. Nxd7 Qxd7 17. Bxe4 Bxe4 18. Nh4 Bh7 19. Nf3 Qe8 20. Qf2 c4 21. Ne1 h5
22. gxh5 Qxh5 23. Qf3 Qg6+ 24. Qg4 Kf7 25. Kf2 Rh8 26. Bd2 Qf5 27. Nf3 Bg6 28.
Qxf5 Bxf5 29. h4 Be4 30. Rh1 Rh6 31. Be1 Rch8 32. Ke2 Bxf3+ 33. Kxf3 f5 34. b3
cxb3 35. Rb1 Bxh4 36. Rxb3 b6 37. Bxh4 Rxh4 38. Rxh4 Rxh4 39. a5 Rh3+ 40. Ke2
Rh2+ 41. Kd1 bxa5 42. Ra3 Rb2 43. Rxa5 Rb7 44. Ra2 Kf6 45. Ke1 Rc7 46. Kd2 g5
47. fxg5+ Kxg5 48. Ra1 Kg4 49. Ra6 Re7 50. Ke2 Kg5 51. Ra1 Kf6 52. Kd2 Rc7 53.
Kd3 Ke7 54. Ra6 Kd7 55. Ra2 Kc8 56. Ra6 Re7 57. Ra1 Kb8 58. Ra6 Kb7 59. Ra1 a6
60. Rb1+ Ka7 61. Ra1 Rb7 62. Kc2 Rb5 63. Rh1 a5 64. Rh6 Rb6 65. Rh1 Ka6 66. Ra1
Rb7 67. Kd3 Rb2 68. Rh1 a4 69. Rh8 Rb7 70. Rh6 Rb6 71. Rh1 Ka5 72. Rh8 Kb5 73.
Rh1 0-1

[Event "IX Festival A"]
[Site "Salsomaggiore Terme ITA"]
[Date "2005.05.21"]
[Round "3"]
[White "Braga, Gian Carlo"]
[Black "Garofalo, Sergio"]
[Result "1/2-1/2"]
[WhiteElo "1515"]
[BlackElo "1903"]
[PlyCount "110"]
[EventDate "2005.05.20"]

1. e4 e5 2. Nf3 Nc6 3. Bc4 Nf6 4. d3 h6 5. O-O Bc5 6. c3 Qe7 7. Bb3 d6 8. h3
Bd7 9. a4 a5 10. Nbd2 Nd8 11. d4 Ba7 12. Nc4 Nxe4 13. dxe5 d5 14. Ne3 c6 15.
Nc2 Nc5 16. Ba2 Nxa4 17. Nce1 Nc5 18. Be3 Nde6 19. Nd3 Ne4 20. Bxa7 Rxa7 21.
Nd4 Nxd4 22. cxd4 O-O 23. Re1 f6 24. Rxe4 f5 25. Re1 f4 26. Qf3 g5 27. Qh5 Kg7
28. Nc5 Bf5 29. Bb1 Bxb1 30. Raxb1 b6 31. Nd3 Qe6 32. Qf3 Kg6 33. g4 Rh7 34.
Kg2 Rfh8 35. Rh1 Qe7 36. Rbc1 Qe6 37. h4 h5 38. gxh5+ Rxh5 39. hxg5 Rxg5+ 40.
Kf1 Rxh1+ 41. Qxh1 Kg7 42. Nxf4 Qg4 43. Qh2 c5 44. dxc5 bxc5 45. Nxd5 Qe4 46.
Ne3 Qd3+ 47. Ke1 Qg6 48. Qf4 Rg1+ 49. Nf1 Qd3 50. Qf6+ Kg8 51. Qe6+ Kg7 52.
Qe7+ Kg8 53. Qe6+ Kg7 54. Qe7+ Kg8 55. Qe6+ Kg7 1/2-1/2

[Event "IX Festival A"]
[Site "Salsomaggiore Terme ITA"]
[Date "2005.05.21"]
[Round "3"]
[White "Brigati, Alessandro"]
[Black "Pegoraro, Nicola"]
[Result "1-0"]
[WhiteElo "1957"]
[BlackElo "2082"]
[PlyCount "153"]
[EventDate "2005.05.20"]

1. Nf3 f5 2. d4 Nf6 3. h3 d6 4. Bf4 g6 5. e3 Bg7 6. Bc4 c6 7. Nbd2 d5 8. Bd3
O-O 9. Ne5 Nbd7 10. Ndf3 Nxe5 11. Bxe5 Kh8 12. c3 Be6 13. Qe2 Nd7 14. Bxg7+
Kxg7 15. Ng5 Bg8 16. g4 e5 17. h4 e4 18. Bc2 fxg4 19. Qxg4 Nf6 20. Qg2 Qd7 21.
O-O-O Ng4 22. Rdf1 Qf5 23. Nh3 Rf6 24. Bd1 Be6 25. Nf4 Bd7 26. Rhg1 h5 27. Qh1
Rd6 28. Bxg4 hxg4 29. Qh2 Qf6 30. Rh1 Bf5 31. Qg3 Rh8 32. Rh2 Rh6 33. Rfh1 Rd8
34. Ne2 Qd6 35. Kd2 Qxg3 36. fxg3 Bd7 37. Ke1 Rf8 38. Ng1 Rh5 39. Rf2 Rxf2 40.
Kxf2 g5 41. Kg2 Kg6 42. Ne2 Bf5 43. hxg5 Rxh1 44. Kxh1 Kxg5 45. Kg1 Kf6 46. Kf2
Ke7 47. Ke1 Kd6 48. Kd2 b6 49. Kc2 Be6 50. Nf4 Bf7 51. Ng2 Ke6 52. b3 Kd6 53.
Nh4 Ke6 54. c4 Kf6 55. Kc3 Be6 56. a4 Bf7 57. c5 bxc5 58. dxc5 Ke5 59. b4 Be8
60. Ng2 Bd7 61. Nf4 Be8 62. Ne2 a6 63. Nd4 Bd7 64. Nb3 Be8 65. Na5 Bd7 66. Nb7
Be8 67. Na5 Bd7 68. Nb3 Be8 69. Nd4 Bd7 70. b5 cxb5 71. c6 Bc8 72. axb5 axb5
73. Kb4 Kd6 74. Kxb5 Kc7 75. Kc5 Ba6 76. Kxd5 Bd3 77. Ne6+ 1-0

[Event "IX Festival A"]
[Site "Salsomaggiore Terme ITA"]
[Date "2005.05.21"]
[Round "3"]
[White "Calza, Gabriele"]
[Black "Muraro, Alberto"]
[Result "1/2-1/2"]
[WhiteElo "1790"]
[BlackElo "2057"]
[PlyCount "55"]
[EventDate "2005.05.20"]

1. c4 Nf6 2. g3 g6 3. Bg2 Bg7 4. Nc3 c5 5. Nf3 Nc6 6. d4 cxd4 7. Nxd4 O-O 8.
O-O a6 9. e4 Qc7 10. Be3 e6 11. Rc1 d6 12. h3 Bd7 13. Qd2 Rac8 14. Rfd1 Rfd8
15. Nde2 Ne5 16. b3 Bc6 17. f4 Ned7 18. Qxd6 Qxd6 19. Rxd6 Bf8 20. Rdd1 Bc5 21.
Bxc5 Nxc5 22. e5 Nfe4 23. g4 Nxc3 24. Rxd8+ Rxd8 25. Nxc3 Bxg2 26. Kxg2 Rd2+
27. Kf3 Rd3+ 28. Kg2 1/2-1/2

[Event "IX Festival A"]
[Site "Salsomaggiore Terme ITA"]
[Date "2005.05.21"]
[Round "3"]
[White "Capurro, Giuliano"]
[Black "Jurkovic, Ante"]
[Result "0-1"]
[WhiteElo "2088"]
[BlackElo "2336"]
[PlyCount "81"]
[EventDate "2005.05.20"]

1. e4 e6 2. d4 d5 3. Nd2 c5 4. Ngf3 Nc6 5. Bb5 Nf6 6. exd5 exd5 7. Ne5 Qc7 8.
O-O Bd6 9. Ndf3 O-O 10. Bxc6 bxc6 11. c4 cxd4 12. Re1 Re8 13. Bf4 dxc4 14. Qxd4
Be6 15. Bg3 Rad8 16. Qh4 Bd5 17. Nxc4 Bxg3 18. hxg3 h6 19. b3 Be4 20. Rad1 Rd5
21. Rxd5 cxd5 22. Ncd2 Qc2 23. a3 Qb2 24. a4 Rc8 25. Qf4 Rc1 26. Nxe4 Rxe1+ 27.
Nxe1 dxe4 28. Qb8+ Kh7 29. Qc8 Qxb3 30. Qf5+ Kh8 31. Qc8+ Ng8 32. Qc6 e3 33.
Kf1 exf2 34. Kxf2 Qb2+ 35. Ke3 Qe5+ 36. Kf2 Qd4+ 37. Kf1 Nf6 38. Qc8+ Kh7 39.
Qc2+ Ne4 40. Nf3 Qe3 41. Qxe4+ 0-1

[Event "IX Festival A"]
[Site "Salsomaggiore Terme ITA"]
[Date "2005.05.21"]
[Round "3"]
[White "Cedriano, Filippo"]
[Black "Panizzi, Giuseppe"]
[Result "0-1"]
[WhiteElo "2043"]
[BlackElo "2130"]
[PlyCount "62"]
[EventDate "2005.05.20"]

1. Nf3 Nf6 2. c4 Nc6 3. d4 e6 4. Nc3 d5 5. Bg5 Be7 6. e3 O-O 7. Rc1 Na5 8. cxd5
exd5 9. Qa4 c6 10. Ne5 b5 11. Qc2 Bb7 12. h4 Nc4 13. b3 Nxe5 14. dxe5 Nd7 15.
Bd3 h6 16. f4 f6 17. exf6 Nxf6 18. Bg6 Ng4 19. Qe2 Bc8 20. f5 Bxg5 21. Qxg4
Bxe3 22. Rc2 Qf6 23. Qf3 Bb6 24. Rf1 Ba6 25. g3 b4 26. Ne2 Rad8 27. Kd2 Rd7 28.
h5 Re7 29. Re1 Qe5 30. Kd1 Be3 31. Nc1 Qd4+ 0-1

[Event "IX Festival A"]
[Site "Salsomaggiore Terme ITA"]
[Date "2005.05.21"]
[Round "3"]
[White "Cottarelli, Franco"]
[Black "Tamburini, Lorenzo"]
[Result "1/2-1/2"]
[WhiteElo "1930"]
[BlackElo "2075"]
[PlyCount "77"]
[EventDate "2005.05.20"]

1. b4 d5 2. Bb2 Nf6 3. Nf3 Bf5 4. e3 e6 5. a3 Be7 6. c4 c6 7. cxd5 cxd5 8. Qa4+
Nbd7 9. Nc3 O-O 10. Be2 Nb6 11. Qb3 Rc8 12. d3 h6 13. O-O Bd6 14. Rac1 Nbd7 15.
Rc2 Qb6 16. Rfc1 Bxd3 17. Bxd3 Nc5 18. Na4 Nxb3 19. Nxb6 Rxc2 20. Bxc2 Nxc1 21.
Na4 Rc8 22. Ne1 Rxc2 23. Nxc2 Nd3 24. Bd4 b6 25. Kf1 e5 26. Ba1 Ne8 27. Nc3 Nc7
28. f3 f5 29. Ke2 e4 30. h3 Ne5 31. Nd4 g6 32. Ncb5 Nc4 33. Nxd6 Nxd6 34. Nc6
a6 35. Be5 Nde8 36. a4 Kf7 37. Bd4 b5 38. a5 Ke6 39. Nd8+ 1/2-1/2

[Event "IX Festival A"]
[Site "Salsomaggiore Terme ITA"]
[Date "2005.05.21"]
[Round "3"]
[White "Del Giudice, Stefano"]
[Black "Cenci, Federico"]
[Result "1/2-1/2"]
[WhiteElo "2077"]
[BlackElo "1712"]
[PlyCount "82"]
[EventDate "2005.05.20"]

1. e4 c5 2. Nc3 Nc6 3. g3 g6 4. Bg2 Bg7 5. d3 d6 6. Be3 e6 7. Qd2 Rb8 8. Nge2
b5 9. O-O Nge7 10. f4 O-O 11. g4 f5 12. h3 Nd4 13. Nd1 Bb7 14. Ng3 b4 15. c3
bxc3 16. bxc3 Nb5 17. a4 Qa5 18. e5 Bxg2 19. Qxg2 dxe5 20. Bxc5 Rfe8 21. Bxe7
Rxe7 22. gxf5 exf5 23. Qa2+ Kh8 24. axb5 Qxb5 25. Nf2 exf4 26. Ne2 f3 27. Ng3
Qe5 28. Kh2 Qf4 29. Rab1 Re2 30. Rxb8+ Qxb8 31. Qd5 Bxc3 32. Qxf3 Rd2 33. Rd1
a5 34. Kg2 a4 35. Qc6 Qb4 36. Rc1 Rxf2+ 37. Kxf2 Qf4+ 38. Kg2 Qxc1 39. Qe8+ Kg7
40. Qe7+ Kh6 41. Qh4+ Kg7 1/2-1/2

[Event "IX Festival A"]
[Site "Salsomaggiore Terme ITA"]
[Date "2005.05.21"]
[Round "3"]
[White "Dvirnyy, Danyyil"]
[Black "Martinez, Rolly"]
[Result "0-1"]
[WhiteElo "2120"]
[BlackElo "2414"]
[PlyCount "120"]
[EventDate "2005.05.20"]

1. e4 c5 2. Nf3 Nc6 3. d4 cxd4 4. Nxd4 Nf6 5. Nc3 e6 6. Be2 Bb4 7. Nxc6 bxc6 8.
O-O d5 9. exd5 cxd5 10. Qd4 Be7 11. b3 O-O 12. Bb2 Bd6 13. f4 Bd7 14. Ne4 Be7
15. Nc5 Rc8 16. Nxd7 Qxd7 17. Qd3 Bc5+ 18. Kh1 Ne4 19. Qf3 f5 20. Rad1 Bb4 21.
c4 Nd2 22. Rxd2 Bxd2 23. Rd1 Bb4 24. cxd5 exd5 25. Bc4 Kh8 26. Rxd5 Qe7 27. Re5
Qc7 28. Rb5 Rb8 29. Rd5 Bd6 30. Qd3 Rbd8 31. Rxf5 Rxf5 32. Qxf5 Qe7 33. Bc3 Rf8
34. Qh3 Rxf4 35. Bd3 Qh4 36. Qxh4 Rxh4 37. h3 Rf4 38. Be1 Rd4 39. Bc2 Rd5 40.
Kg1 Rc5 41. Bd3 Rc1 42. Kf2 Bg3+ 43. Kxg3 Rxe1 44. Kf4 Kg8 45. Be4 Kf7 46. Ke5
Ke7 47. Kd5 h6 48. a4 a5 49. Bd3 Rd1 50. Kc4 Kd6 51. b4 axb4 52. Be4 Ke5 53.
Bf3 Rd4+ 54. Kb3 Kd6 55. a5 Kc5 56. a6 Rd3+ 57. Kb2 Ra3 58. Bb7 Kb6 59. Bc8
Rxa6 60. Bxa6 Kxa6 0-1

[Event "IX Festival A"]
[Site "Salsomaggiore Terme ITA"]
[Date "2005.05.21"]
[Round "3"]
[White "Efimov, Igor"]
[Black "Aldrovandi, Costantino"]
[Result "1-0"]
[WhiteElo "2458"]
[BlackElo "2246"]
[PlyCount "107"]
[EventDate "2005.05.20"]

1. d4 Nf6 2. c4 g6 3. g3 Bg7 4. Bg2 O-O 5. Nf3 d6 6. O-O Bf5 7. Nc3 Qc8 8. Qb3
Nc6 9. Rd1 Rb8 10. d5 Na5 11. Qa4 b6 12. Nd4 Bd7 13. Nc6 Nxc6 14. dxc6 Bh3 15.
Bh1 Ra8 16. Qc2 h6 17. b3 Bf5 18. e4 Nxe4 19. Bxe4 Bxe4 20. Qxe4 Bxc3 21. Bxh6
Re8 22. Rac1 Bg7 23. Bg5 Qh3 24. Rd3 Be5 25. Re1 e6 26. b4 Qf5 27. Qxf5 exf5
28. Kg2 Re6 29. Bd2 Bf6 30. Ra3 a6 31. b5 a5 32. Rae3 Rxe3 33. Rxe3 a4 34. Bb4
Kf8 35. h4 Bb2 36. Kf3 Bd4 37. Rd3 Bf6 38. Ke2 f4 39. Rf3 fxg3 40. fxg3 Be5 41.
Kd3 Ke7 42. Bd2 Ke6 43. g4 Rh8 44. Rh3 f5 45. gxf5+ Kxf5 46. Rh1 Bf4 47. Bxf4
Kxf4 48. Rg1 Ke5 49. Rxg6 Rxh4 50. Rg7 Kf6 51. Rxc7 Ke6 52. Rb7 d5 53. cxd5+
Kxd5 54. Rxb6 {...} 1-0

[Event "IX Festival A"]
[Site "Salsomaggiore Terme ITA"]
[Date "2005.05.21"]
[Round "3"]
[White "Ferrari, Cristiano"]
[Black "Rezzuti, Vincenzo"]
[Result "0-1"]
[WhiteElo "1469"]
[BlackElo "1862"]
[PlyCount "60"]
[EventDate "2005.05.20"]

1. d4 d5 2. Nf3 Nf6 3. e3 Bg4 4. Nbd2 e6 5. b3 Nbd7 6. Be2 Bd6 7. h3 Bh5 8. Bb2
c5 9. dxc5 Bxc5 10. Bxf6 Qxf6 11. g4 Bg6 12. Bd3 O-O-O 13. a3 e5 14. e4 h5 15.
g5 Qe7 16. b4 Bb6 17. h4 Rhf8 18. c3 f5 19. gxf6 Qxf6 20. Rh3 Qf4 21. Qe2 Nf6
22. Ng5 dxe4 23. Bc2 Bf5 24. Qc4+ Kb8 25. O-O-O Bxh3 26. Nxh3 Qxh4 27. Qf1 e3
28. Nf3 Rxd1+ 29. Kxd1 Qg4 30. Nhg5 e4 0-1

[Event "IX Festival A"]
[Site "Salsomaggiore Terme ITA"]
[Date "2005.05.21"]
[Round "3"]
[White "Fieschi, Lorenzo"]
[Black "Astengo, Marcello"]
[Result "1-0"]
[WhiteElo "2000"]
[BlackElo "2120"]
[PlyCount "67"]
[EventDate "2005.05.20"]

1. d4 d5 2. Nf3 c5 3. e3 Nc6 4. c3 e6 5. Bd3 Nf6 6. Nbd2 Bd6 7. O-O O-O 8. Qe2
e5 9. dxc5 Bxc5 10. e4 Bg4 11. exd5 Qxd5 12. Ne4 Nxe4 13. Bxe4 Qe6 14. h3 Bh5
15. Bxh7+ Kh8 16. Bc2 Rae8 17. Qe4 f5 18. Qh4 Qg6 19. g4 e4 20. Ng5 fxg4 21.
hxg4 Rxf2 22. Rxf2 Rf8 23. Qxh5+ Qxh5 24. gxh5 Bxf2+ 25. Kg2 e3 26. Nf3 Nd8 27.
Bb3 Rf5 28. Bd2 exd2 29. Kxf2 Nc6 30. Ke3 Rxh5 31. Kxd2 Kh7 32. Rg1 Kh6 33. Bf7
Rh3 34. Rg6+ 1-0

[Event "IX Festival A"]
[Site "Salsomaggiore Terme ITA"]
[Date "2005.05.21"]
[Round "3"]
[White "Foglia, Maurizio"]
[Black "Gromovs, Sergejs"]
[Result "0-1"]
[WhiteElo "2089"]
[BlackElo "2362"]
[PlyCount "64"]
[EventDate "2005.05.20"]

1. Nf3 Nf6 2. b3 g6 3. Bb2 Bg7 4. e3 O-O 5. c4 d6 6. d4 c5 7. Be2 Qa5+ 8. Bc3
Qc7 9. Nbd2 Nc6 10. d5 Ne5 11. Nxe5 dxe5 12. e4 Ne8 13. Qc2 Nd6 14. Qb2 f6 15.
O-O h5 16. f4 exf4 17. e5 fxe5 18. Bxe5 Nf5 19. Bxg7 Nxg7 20. Nf3 Qd6 21. Bd3
Bf5 22. Bxf5 Nxf5 23. Rae1 Qf6 24. Qa3 Ne3 25. Qxc5 Rac8 26. Qa3 g5 27. Rf2 g4
28. Nd2 Nc2 29. Qxe7 Nxe1 30. Qxe1 Rce8 31. Re2 Qd4+ 32. Kf1 Qd3 0-1